000 00388nam a22001697a 4500
003 OSt
005 20260306131700.0
008 260306b |||||||| |||| 00| 0 eng d
040 _cFLL
041 _aENG
_dENG
100 _aRATAN LAL, DHIRAJ LAL
_91123669
245 _aLAW OF TORTS
250 _a29th
260 _aHARYANA
_bLEXIS NEXIS
_c2026
300 _a880
942 _2CC
_cTB
_n0
999 _c1688507
_d1688507